|
|
|
|
| LEADER |
00000nab a2200000 a 4500 |
| 001 |
vtls000709419 |
| 003 |
SK-MaSNL |
| 005 |
20260303114610.0 |
| 008 |
180206c2000 xo 0 slo |
| 015 |
|
|
|a SNBRB2000/01-01545
|
| 035 |
|
|
|a CLN000061586
|
| 040 |
|
|
|a SNKBUCL
|b slo
|c SNKBUCL
|e AACR2
|
| 041 |
0 |
|
|a slo
|
| 044 |
|
|
|a xo
|c SK
|
| 080 |
|
|
|a 347.51:339.379
|2 UDC-MRF-SK2
|
| 080 |
|
|
|a 339.379
|2 UDC-MRF-SK2
|
| 100 |
1 |
|
|a Baranovský, Ivan
|4 aut
|9 804702
|
| 245 |
1 |
0 |
|a Vplyv zákona o zodpovednosti za škodu spôsobenú vadným výrobkom na podnikanie a ochranu spotrebiteľa
|c Ivan Baranovský
|
| 650 |
0 |
7 |
|a ochrana spotrebiteľa
|2 SNKPH
|9 2673
|
| 650 |
0 |
7 |
|a zodpovednosť za škodu
|2 SNKPH
|9 4613
|
| 650 |
0 |
7 |
|a chybné výrobky
|2 SNK
|9 733284
|
| 655 |
|
7 |
|a články z novín a časopisov
|2 SNK
|9 267496
|
| 773 |
0 |
|
|t Ekonomický a právny poradca podnikateľa
|g Č. 2-3 (2000), s. 200-208
|
| 850 |
|
|
|a Slovenská národná knižnica v Martine
|
| 852 |
|
|
|a SNK
|b KIS3GCP
|
| 958 |
|
|
|a RBX
|
| 999 |
|
|
|c 1899080
|d 1901010
|